|
LDR
| 01513nam a2200445 a 4500 |
|---|
| 001 | 10745 |
|---|
| 003 | CZ-PrJAB |
|---|
| 005 | 20220531104810.0 |
|---|
| 007 | tu |
|---|
| 008 | 961107s1996 xr e 000 0 cze |
|---|
| 015 | | . |
‡acnb000148096 |
|---|
| 020 | | . |
‡a80-7198-080-3
‡q(váz.) |
|---|
| 035 | | . |
‡a(CZ PrNK)cpk19960148096 |
|---|
| 035 | | . |
‡a(OCoLC)37963689 |
|---|
| 040 | | . |
‡aABA001
‡bcze |
|---|
| 041 | 1 | . |
‡acze
‡hger |
|---|
| 072 | | 7. |
‡a101
‡xFilozofie
‡2Konspekt
‡95 |
|---|
| 080 | | . |
‡a101
‡2MRF |
|---|
| 080 | | . |
‡a165
‡2MRF |
|---|
| 080 | | . |
‡a17
‡2MRF |
|---|
| 080 | | . |
‡a(0:82-4)
‡2MRF |
|---|
| 100 | 1 | . |
‡aNietzsche, Friedrich,
‡d1844-1900
‡7jn19990006124
‡4aut |
|---|
| 240 | 1 | 0. |
‡aFröhliche Wissenschaft.
‡lČesky
‡7aun2008456080 |
|---|
| 245 | 1 | 0. |
‡aRadostná věda /
‡cFriedrich Nietzsche ; [z němčiny přeložila Věra Koubová ; doslov napsal Pavel Kouba] |
|---|
| 250 | | . |
‡aVyd. 2., Ve Votobii 1. |
|---|
| 260 | | . |
‡aV Olomouci :
‡bVotobia,
‡c1996 |
|---|
| 300 | | . |
‡a285 s. ;
‡c21 cm |
|---|
| 650 | 0 | 7. |
‡afilozofie
‡7ph114540
‡2czenas |
|---|
| 650 | 0 | 7. |
‡apoznání
‡7ph115851
‡2czenas |
|---|
| 650 | 0 | 7. |
‡aetika
‡7ph114488
‡2czenas |
|---|
| 650 | 0 | 9. |
‡aphilosophy
‡2eczenas |
|---|
| 650 | 0 | 9. |
‡aknowledge
‡2eczenas |
|---|
| 650 | 0 | 9. |
‡aethics
‡2eczenas |
|---|
| 655 | | 7. |
‡aúvahy
‡7fd134000
‡2czenas |
|---|
| 655 | | 9. |
‡aessays
‡2eczenas |
|---|
| 700 | 1 | . |
‡aKoubová, Věra,
‡d1953-
‡7jn20011210278
‡4trl |
|---|
| 700 | 1 | . |
‡aKouba, Pavel,
‡d1953-
‡7jn20000710285
‡4aui |
|---|
| 910 | | . |
‡aABG312 |
|---|
| 901 | | . |
‡a10745
‡bUnknown
‡c10745
‡tbiblio |
|---|